Queer studies : (Record no. 170471)

MARC details
000 -LEADER
fixed length control field 00680nam a2200205 4500
005 - DATE AND TIME OF LATEST TRANSACTION
control field 20191216154706.0
010 ## - LCCN (DPL NO)
LC control number ENG-127150
020 ## - INTERNATIONAL STANDARD BOOK NUMBER
International Standard Book Number 9789352875849
Terms of availability 215.00
035 ## - SYSTEM CONTROL NUMBER
System control number EN-110682
037 ## - SOURCE OF ACQUISITION
Source of stock number/acquisition DBAD/PUB
082 ## - DEWEY DECIMAL CLASSIFICATION NUMBER
Classification number 306.095
100 ## - MAIN ENTRY--PERSONAL NAME
Personal name Bakshi, Kaustav
245 ## - TITLE STATEMENT
Title Queer studies :
Statement of responsibility, etc by Kaustav Bakshi [and] Rohit K. Dasgupta
Remainder of title texts, contexts, praxis /
260 ## - PUBLICATION, DISTRIBUTION, ETC. (IMPRINT)
Place of publication, distribution, etc Hyderabad
Name of publisher, distributor, etc Orient Blankswan Private
Date of publication, distribution, etc 2019
270 ## - ADDRESS
Address 3-6-752 Himayatnagar, Hyderabad
City Telangana
Postal code 500029
Electronic mail address indo@orientblackswan.com
300 ## - PHYSICAL DESCRIPTION
Extent vii;191p .
Dimensions 21cm(pbk)
500 ## - GENERAL NOTE
General note Includes references
700 ## - ADDED ENTRY--PERSONAL NAME
Personal name Dasgupta, Rohit K.
942 ## - ADDED ENTRY ELEMENTS (KOHA)
Source of classification or shelving scheme Dewey Decimal Classification
Item type English Books
Classification part 306.095
Call number suffix BAK
Holdings
Withdrawn status Lost status Not for loan Collection code Home library Current library Date acquired Source of acquisition Cost, normal purchase price Full call number Barcode Copy number Cost, replacement price Koha item type
      Non-fiction Patel Nagar Patel Nagar 16/12/2019 DBAD/PUB 215.00 306.095 BAK EN-110682 1 215.00 English Books

© Delhi Public Library
Hit Counter
free hit counter